[Event "Galego-ch U14"]
[Site "Ferrol"]
[Date "2018.02.11"]
[Round "3"]
[White "Fernandez Lopez, Ruben"]
[Black "Quintas Fernandez, Marta"]
[Result "1/2-1/2"]
[WhiteElo "1944"]
[BlackElo "1532"]
[PlyCount "103"]
[EventDate "2018.02.10"]
[EventType "swiss"]
[EventRounds "8"]
[EventCountry "ESP"]
[SourceTitle "EXT 2024"]
[Source "ChessBase"]
[SourceDate "2023.10.10"]
[SourceVersion "1"]
[SourceVersionDate "2023.10.10"]
[SourceQuality "1"]

1. e4 e5 2. Nf3 Nc6 3. Bb5 a6 4. Ba4 Nf6 5. 0-0 b5 6. Bb3 Be7 7. Re1 0-0 8. a4 Bb7 9. d3 h6 10. Nc3 b4 11. Ne2 d6 12. Ng3 Re8 13. Nf5 Bf8 14. N3h4 d5 15. Qf3 Kh7 16. Bxd5 Nxd5 17. exd5 Ne7 18. Rxe5 Bxd5 19. Qg3 Nxf5 20. Nxf5 Qf6 21. d4 Qxf5 22. Bf4 Qd7 23. Rxe8 Rxe8 24. Bxc7 Qe6 25. h3 Qe4 26. Rc1 Re6 27. Qg4 Qxg4 28. hxg4 Re4 29. c4 Bb7 30. d5 Rxg4 31. f3 Rg6 32. Rd1 Bc5+ 33. Kf1 Bc8 34. d6 Bd7 35. Rd5 Rg5 36. Rd3 Re5 37. a5 g5 38. g4 h5 39. b3 hxg4 40. fxg4 Kg6 41. Rd2 f5 42. gxf5+ Rxf5+ 43. Ke1 Re5+ 44. Kd1 g4 45. Bb6 Kh5 46. Re2 Rxe2 47. Kxe2 Bxd6 48. c5 Bxc5 49. Bxc5 Bb5+ 50. Kf2 Kh4 51. Bxb4 g3+ 52. Kg1 1/2-1/2

[Event "Galego-ch U14"]
[Site "Ferrol"]
[Date "2018.02.11"]
[Round "4"]
[White "Quintas Fernandez, Marta"]
[Black "Corredoira Alvarez, Nicolas"]
[Result "1-0"]
[WhiteElo "1532"]
[BlackElo "1288"]
[PlyCount "89"]
[EventDate "2018.02.10"]
[EventType "swiss"]
[EventRounds "8"]
[EventCountry "ESP"]
[SourceTitle "EXT 2024"]
[Source "ChessBase"]
[SourceDate "2023.10.10"]
[SourceVersion "1"]
[SourceVersionDate "2023.10.10"]
[SourceQuality "1"]

1. e4 e5 2. Nf3 Nc6 3. Bb5 a6 4. Ba4 Bc5 5. 0-0 d6 6. c3 Bg4 7. d3 Nf6 8. Nbd2 0-0 9. Re1 Nh5 10. h3 Bxf3 11. Nxf3 f5 12. Bb3+ Kh8 13. Ng5 Qe8 14. Bf7 Rxf7 15. Qxh5 g6 16. Nxf7+ Qxf7 17. Qe2 Rf8 18. Be3 Bxe3 19. Qxe3 fxe4 20. dxe4 Kg7 21. Qd2 Nd8 22. Rf1 Ne6 23. Qd5 Nc5 24. Qxf7+ Rxf7 25. Rfe1 b5 26. Re3 Kf6 27. Rf3+ Ke6 28. Rxf7 Kxf7 29. Re1 Nd3 30. Re2 c5 31. Rd2 c4 32. b3 Ke6 33. bxc4 bxc4 34. g3 h5 35. Kf1 d5 36. exd5+ Kxd5 37. Ke2 g5 38. Ke3 g4 39. hxg4 hxg4 40. Rd1 e4 41. Rh1 Kc5 42. Rh5+ Kb6 43. Rg5 Nc1 44. Kxe4 Nxa2 45. Kd4 1-0

[Event "ESP-chT Regional U14"]
[Site "Padron"]
[Date "2017.06.22"]
[Round "2.3"]
[White "Quintas Fernandez, Marta"]
[Black "Barragan Arriaza, Pablo"]
[Result "1/2-1/2"]
[WhiteElo "1376"]
[BlackElo "1896"]
[PlyCount "46"]
[EventDate "2017.06.22"]
[EventType "team"]
[EventRounds "6"]
[EventCountry "ESP"]
[SourceTitle "EXT 2018"]
[Source "ChessBase"]
[SourceDate "2017.10.13"]
[SourceVersion "1"]
[SourceVersionDate "2017.10.13"]
[SourceQuality "1"]
[WhiteTeam "Galicia (U14)"]
[BlackTeam "Madrid (U14)"]
[WhiteTeamCountry "ESP"]
[BlackTeamCountry "ESP"]

1. e4 d6 2. d4 Nf6 3. Nc3 g6 4. g3 Bg7 5. Bg2 0-0 6. Nge2 c6 7. a4 e5 8. 0-0 Nbd7 9. h3 exd4 10. Nxd4 Nc5 11. Be3 Re8 12. f3 Qc7 13. Bf2 Bd7 14. Qd2 Rad8 15. Rfd1 Bc8 16. Qc1 d5 17. exd5 Nxd5 18. Nxd5 Rxd5 19. f4 Rd6 20. Kh2 Red8 21. b4 Bxd4 22. bxc5 Bxc5 23. Rxd6 Qxd6 1/2-1/2

[Event "Gallego-ch U14"]
[Site "Viveiro"]
[Date "2017.02.28"]
[Round "8"]
[White "Represas Gomez, Lucas"]
[Black "Quintas Fernandez, Marta"]
[Result "0-1"]
[WhiteElo "1283"]
[BlackElo "1444"]
[PlyCount "88"]
[EventDate "2017.02.25"]
[EventType "swiss"]
[EventRounds "8"]
[EventCountry "ESP"]
[SourceTitle "EXT 2024"]
[Source "ChessBase"]
[SourceDate "2023.10.10"]
[SourceVersion "1"]
[SourceVersionDate "2023.10.10"]
[SourceQuality "1"]

1. d4 d5 2. c4 e6 3. Nc3 Nf6 4. g3 Be7 5. Bg2 0-0 6. e3 b6 7. Nge2 Bb7 8. cxd5 Nxd5 9. Qb3 c6 10. Nxd5 cxd5 11. 0-0 Ba6 12. Qc2 Nd7 13. b3 Rc8 14. Qd2 Bxe2 15. Qxe2 Qc7 16. Bd2 Qb7 17. Rac1 Rc7 18. Rxc7 Qxc7 19. Rc1 Qb7 20. Bf1 Rc8 21. Qa6 Qxa6 22. Bxa6 Rxc1+ 23. Bxc1 Nf6 24. Bd3 g6 25. h3 Ne4 26. Bxe4 dxe4 27. Kf1 f5 28. a3 a5 29. Ke2 Bd6 30. Kd2 Kf7 31. Kc3 b5 32. a4 Bb4+ 33. Kc2 bxa4 34. bxa4 Be1 35. Bd2 Bxf2 36. Bxa5 Bxg3 37. Bd2 Bb8 38. Kb3 g5 39. Kc4 h5 40. a5 g4 41. hxg4 h4 42. d5 exd5+ 43. Kb5 h3 44. Kb6 h2 0-1

[Event "Gallego-ch U14"]
[Site "Viveiro"]
[Date "2017.02.27"]
[Round "6"]
[White "Quintas Fernandez, Marta"]
[Black "Mallo Penas, Antonio"]
[Result "1-0"]
[WhiteElo "1444"]
[BlackElo "1305"]
[PlyCount "39"]
[EventDate "2017.02.25"]
[EventType "swiss"]
[EventRounds "8"]
[EventCountry "ESP"]
[SourceTitle "EXT 2024"]
[Source "ChessBase"]
[SourceDate "2023.10.10"]
[SourceVersion "1"]
[SourceVersionDate "2023.10.10"]
[SourceQuality "1"]

1. e4 d5 2. exd5 Nf6 3. Nc3 Nxd5 4. Bc4 Nb6 5. Bb3 Bf5 6. d4 e6 7. Nf3 Nc6 8. a3 Qd7 9. Bf4 Be7 10. Qd2 0-0-0 11. 0-0-0 Na5 12. Ba2 f6 13. Qe2 a6 14. h3 h5 15. Nh4 g5 16. Nxf5 exf5 17. Be6 gxf4 18. Bxd7+ Kxd7 19. Rhe1 Rhe8 20. Qe6# 1-0